Glimpses of an old social capital (Portsmouth, New Hampshire) (Record no. 6252)

MARC details
000 -CABECERA
campo de control de longitud fija 00865nam a2200241 a 4500
001 - NÚMERO DE CONTROL
campo de control BRCA_6568
005 - FECHA Y HORA DE LA ÚLTIMA TRANSACCIÓN
campo de control 20190320205516.0
008 - DATOS DE LONGITUD FIJA--INFORMACIÓN GENERAL
campo de control de longitud fija 300911s1923----u--ac#####---#000-0#eng-#
041 ## - CÓDIGO DE LENGUA
Código de lengua del texto/banda sonora o título independiente eng
044 ## - CÓDIGO DEL PAÍS DE LA ENTIDAD EDITORA/PRODUCTORA
Código MARC del país u
050 #4 - SIGNATURA TOPOGRÁFICA DE LA BIBLIOTECA DEL CONGRESO
Número de clasificación F44
Número de documento/Ítem .P8 R7
-- 1923
100 1# - ENTRADA PRINCIPAL--NOMBRE DE PERSONA
Nombre de persona Rogers, Mary Cochrane
Fechas asociadas al nombre 1869-
9 (RLIN) 16384
245 10 - MENCIÓN DE TÍTULO
Título Glimpses of an old social capital (Portsmouth, New Hampshire)
Resto del título as illustrated by the life of the Reverend Arthur Browne and his circle
Mención de responsabilidad, etc. by Mary Cochrane Rogers.
260 ## - PUBLICACIÓN, DISTRIBUCIÓN, ETC.
Lugar de publicación, distribución, etc. Boston
Nombre del editor, distribuidor, etc. Printed for the suscribers
Fecha de publicación, distribución, etc. 1923
300 ## - DESCRIPCIÓN FÍSICA
Extensión xiii, 92 p.
Otras características físicas il., retratos
Dimensiones 27 cm.
500 ## - NOTA GENERAL
Nota general Incluye lista de ilustraciones
500 ## - NOTA GENERAL
Nota general L109
600 14 - PUNTO DE ACCESO ADICIONAL DE MATERIA--NOMBRE DE PERSONA
Nombre de persona Browne, Arthur
Fechas asociadas al nombre 1699-1773
9 (RLIN) 16385
650 14 - PUNTO DE ACCESO ADICIONAL DE MATERIA--TÉRMINO DE MATERIA
Término de materia o nombre geográfico como elemento de entrada Portsmouth, New Hampshire
Subdivisión general Vida social y costumbres
9 (RLIN) 16386
651 #4 - PUNTO DE ACCESO ADICIONAL DE MATERIA--NOMBRE GEOGRÁFICO
Nombre geográfico Estados Unidos
Subdivisión general Vida social y costumbres
9 (RLIN) 16387
902 ## - CATALOGADOR
Iniciales GFM
942 ## - ELEMENTOS DE PUNTO DE ACCESO ADICIONAL (KOHA)
Fuente del sistema de clasificación o colocación Library of Congress Classification
Tipo de ítem Koha Libros
Holdings
Estado de retiro Estado de pérdida Estado dañado No para préstamo Localización permanente Ubicación/localización actual Fecha de adquisición Número de inventario Total de préstamos Signatura topográfica completa Código de barras Fecha visto por última vez Precio válido a partir de Tipo de ítem Koha
El ejemplar forma parte de la colección y puede ser consultado según las políticas vigentes.       Biblioteca del Museo Franz Mayer (Rogerio Casas-Alatriste) Biblioteca del Museo Franz Mayer (Rogerio Casas-Alatriste) 30/09/2011 L109   F44 .P8 R7 1923 (L109) 7016 22/03/2019 22/03/2019 Libros